1444 1424 1076 1156 1930 1611 1555 1513 1708 1435 1834 1579 1117 1201 1731 1795 1984 1067 1717 1655 1824 1769 1442 1985 1629 1297 1938 1553 1557 1425 1074 1462 1438 1118 1754 1801 1038 1957 1853 1629 1360 1943 1804 1352 1249 1648 1997 1382 1640 1590 1273 1972 1961 1792 1869 1293 1347 1525 1731 1511 1654 1303 1268 1085 1186 1302 1065 1771 1201 1839 1983 1297 1367 1480 1700 1077 1149 1005 1066 1326 1767 1712 1902 1858 1044 1172 1828 1356 1293 1292 1828 1347 1751 1394 1443 1070 1348 1041 1263 BCNSPRNW ULIB Ver.6.0+V

เปลี่ยนเป็นภาษาไทย

Change to English
 แสดงรายละเอียดบรรณานุกรม
  กลับหน้าหลัก

Brief Record : Get Marc (ISO 2709) : E-mail record : QR code < ปิดหน้าต่าง
LEADER : 00000nam 2200000uu 4500
001    13399113631
003     ULIB
008    111124s2552||||th 000 0 tha d
020    ^a9786115000293
090    ^aนว.^bอ495ป 2552
100 0  ^aอลินน์
245 00 ^aประทีปแสงดาว/^cอลินน์
250    ^aพิมพ์ครั้งที่ 1
260    ^aกรุงเทพฯ :^bพิมพ์คำ,^c2552
300    ^a402 หน้า
710 1  ^aพิมพ์คำ
945    ^p240^l0^i16415
995    ^aกัณชพร
999    ^aใช้งานได้ทุกระบบ
รายการนี้ยังไม่มีแท็ก
คุณยังไม่ได้ล็อกอิน คุณสามารถมีกิจกรรมร่วมกับเว็บไซต์ได้ แต่ต้องล็อกอินก่อน ::
  ล็อกอิน

รายการสื่อสารสนเทศ

ลำดับที่ ประเภท เลขเรียก/บาร์โค้ด สถานที่ สถานะ
1. นวนิยาย
นวนิยาย
นว. อ495ป 2552 ฉ.1 
  Barcode: 16415
ห้องสมุดวิทยาเขตสวรรค์ประชารักษ์
►นวนิยาย
บนชั้น
  ขอยืม

รายการใกล้เคียง
    ผู้แต่ง [อลินน์]

BibComment


ยังไม่เคยถูกคอมเมนท์

คอมเมนท์ทรัพยากรรายการนี้
  คอมเมนท์: ประทีปแสงดาว อลิ..


 Copyright 2026. Bcnsprnw @Library